Research methodology with special emphasis on public health research / (Record no. 990)

MARC details
000 -LEADER
fixed length control field 00593nam a22001937a 4500
003 - CONTROL NUMBER IDENTIFIER
control field BD-DhJNU
005 - DATE AND TIME OF LATEST TRANSACTION
control field 20241210092814.0
008 - FIXED-LENGTH DATA ELEMENTS--GENERAL INFORMATION
fixed length control field 241210b |||||||| |||| 00| 0 eng d
020 ## - INTERNATIONAL STANDARD BOOK NUMBER
International Standard Book Number 9843221834
040 ## - CATALOGING SOURCE
Original cataloging agency BD-DhJNU
Language of cataloging eng
Transcribing agency BD-DhJNU
Modifying agency BD-DhJNU
082 ## - DEWEY DECIMAL CLASSIFICATION NUMBER
Edition number 23
Classification number 362.12
100 ## - MAIN ENTRY--PERSONAL NAME
Personal name Kafiluddin, A.K.M.
245 ## - TITLE STATEMENT
Title Research methodology with special emphasis on public health research /
Statement of responsibility, etc. A. K. M. Kafiluddin
260 ## - PUBLICATION, DISTRIBUTION, ETC.
Place of publication, distribution, etc. Dhaka :
Name of publisher, distributor, etc. Prof. Dr. Shamim Ahmed,
Date of publication, distribution, etc. 2004.
300 ## - PHYSICAL DESCRIPTION
Extent xxvii, 302 p. :
Other physical details ill. ;
Dimensions 25 cm.
504 ## - BIBLIOGRAPHY, ETC. NOTE
Bibliography, etc. note includes index
610 ## - SUBJECT ADDED ENTRY--CORPORATE NAME
Corporate name or jurisdiction name as entry element Public Health
942 ## - ADDED ENTRY ELEMENTS (KOHA)
Source of classification or shelving scheme Dewey Decimal Classification
Koha item type Books
Suppress in OPAC No
Holdings
Withdrawn status Lost status Source of classification or shelving scheme Damaged status Not for loan Collection Home library Current library Shelving location Date acquired Source of acquisition Total checkouts Full call number Barcode Date last seen Copy number Price effective from Koha item type
    Dewey Decimal Classification     Non-fiction Jagannath University Central Library Jagannath University Central Library General stacks 12/10/2024 Purchase   362.12 KAR JNUCL19704 12/10/2024 1 12/10/2024 Books
    Dewey Decimal Classification     Non-fiction Jagannath University Central Library Jagannath University Central Library General stacks 12/10/2024 Purchase   362.12 KAR JNUCL19705 12/10/2024 2 12/10/2024 Books
    Dewey Decimal Classification     Non-fiction Jagannath University Central Library Jagannath University Central Library General stacks 12/10/2024 Purchase   362.12 KAR JNUCL19706 12/10/2024 3 12/10/2024 Books
    Dewey Decimal Classification     Non-fiction Jagannath University Central Library Jagannath University Central Library General stacks 12/10/2024 Purchase   362.12 KAR JNUCL19707 12/10/2024 4 12/10/2024 Books
    Dewey Decimal Classification     Non-fiction Jagannath University Central Library Jagannath University Central Library General stacks 12/10/2024 Purchase   362.12 KAR JNUCL19708 12/10/2024 5 12/10/2024 Books